Tropenwaldbericht der Bundesregierung : (Registro nro. 554)
[ vista simple ]
| 000 -CABECERA | |
|---|---|
| Campo de control | 00838nam a2200205 a 4500 |
| 005 - FECHA Y HORA DE LA ULTIMA TRANSACCION | |
| Campo de control | 20171003152830.0 |
| 008 - ELEMENTOS DE LONGITUD FIJA—INFORMACION GENERAL | |
| Campo de control | 940707s1997 gw a bs f000 0 ger |
| 040 ## - FUENTE DE CATALOGACIÓN | |
| Agencia catalogadora original | DLC |
| Agencia transcriptora | DLC |
| Agencia Modificadora | CO-BoIAVH |
| 041 0# - IDIOMA | |
| Código de idioma para texto/pista de sonido o título separado | Alemán |
| 044 ## - PAÍS DE PUBLICACIÓN | |
| País de publicación | Alemania |
| 082 04 - NUMERO DE CLASIFICACION DECIMAL DEWEY | |
| Número de clasificación | 333.7516 |
| Número del ítem | T85b |
| 245 00 - MENCION DE TITULO | |
| Título | Tropenwaldbericht der Bundesregierung : |
| Parte restante del título | 5. Bericht (Juni 1997) |
| 260 ## - PUBLICACION, DISTRIBUCION, ETC. (PIE DE IMPRENTA) | |
| Lugar de publicación, distribución, etc. | Bonn (Alemania) : |
| Nombre del editor, distribuidor, etc. | Presse- und Informationsamt der Bundesregierung, |
| Fecha de publicación, distribución, etc. | 1997. |
| 300 ## - DESCRIPCION FISICA | |
| Extensión | 59 páginas. : |
| Otros detalles físicos | ilustraciones (algunas a color) ; |
| Dimensiones | 30 x 21 cm. |
| 650 26 - ASIENTO SECUNDARIO DE MATERIA - TERMINO TEMATICO | |
| Término temático o nombre geográfico como elemento de entrada | Bosque tropical |
| Subdivisión general | Gestión |
| Subdivisión geográfica | Alemania |
| Subdivisión de forma | Informes |
| 9 (RLIN) | 85631 |
| 650 26 - ASIENTO SECUNDARIO DE MATERIA - TERMINO TEMATICO | |
| Término temático o nombre geográfico como elemento de entrada | Productos forestales |
| Subdivisión geográfica | Zona tropical |
| -- | Alemania |
| Subdivisión de forma | Informes |
| 9 (RLIN) | 85632 |
| 650 26 - ASIENTO SECUNDARIO DE MATERIA - TERMINO TEMATICO | |
| Término temático o nombre geográfico como elemento de entrada | Proteccion forestal |
| Subdivisión geográfica | Zona tropical |
| -- | Alemania |
| Subdivisión de forma | Informes |
| 9 (RLIN) | 85633 |
| 710 1# - ASIENTO SECUNDARIO - NOMBRE CORPORATIVO | |
| Nombre corporativo o de jurisdicción como elemento de entrada | Germany. |
| Unidad subordinada | BT-Enquetekommission "Vorsorge zum Schutz der Erdatmosphäre." |
| 9 (RLIN) | 85634 |
| 942 ## - ELEMENTOS ADICIONALES (KOHA) | |
| Sistema de clasificación | Dewey Decimal Classification |
| Tipo de ítem | Libro |
| Withdrawn status | Lost status | Sistema de Clasificación | Damaged status | No para préstamo | Colección | Inventariado | Ubicación Permanente | Ubicación actual | Fecha de adquisición | Fuente de Valor | Valor | Total Checkouts | Número topográfico | Inventario / Código de Barras | Date last seen | Ejemplar | Price effective from | Forma de adquisición | Tipo de material |
|---|---|---|---|---|---|---|---|---|---|---|---|---|---|---|---|---|---|---|---|
| Dewey Decimal Classification | General | Inventariado 2017 | Sala Fabio Quevedo | Sala Fabio Quevedo | 01/09/1998 | Embajada de Colombia en Alemania | 39000.00 | LB-333.7516 T85b | 000786 | 04/12/2012 | Ej. 1 | 04/12/2012 | Donación | Libro |